00352 a2200145 4500003000400000005001700004008004100021020001800062040000900080082001900089100002200108245004600130260002000176300001000196OSt20231009145218.0231009b |||||||| |||| 00| 0 eng d a9781784873363 coclc a823.914bTHI/P aThiongo, Ngugi Wa aPetals of blood /bNgũgĩ wa Thiongʾo bVintage,c2023. a409 p